| 000 | 00549nam a22001817a 4500 | ||
|---|---|---|---|
| 003 | BUBTL | ||
| 008 | 160125b xxu||||| |||| 00| 0 eng d | ||
| 020 | _a9788131203286 | ||
| 082 | _a621.381SMD | ||
| 100 |
_9236 _aSmith, Steven W. |
||
| 245 |
_aDigital Signal Processing _bA Practical Guide for Engineers and Scientists _cSmith,Steven W. |
||
| 260 |
_aAmsterdam _bElsevier _c2003 |
||
| 300 |
_a[xiv]650p _bill,tables _c24cm |
||
| 600 | _2EEE | ||
| 856 |
_k0 _l0 _yDownload |
||
| 942 |
_2ddc _cBK |
||
| 999 |
_c5108 _d5108 |
||